| 000 | 00366nam a2200145Ia 4500 | ||
|---|---|---|---|
| 008 | 150201s2002 xx 000 0 und d | ||
| 082 |
_a612.015 _bL2002N |
||
| 100 | _aNELSON | ||
| 245 | _aLEHNINGER PRINCIPLES OF BIOCHEMISTRY | ||
| 250 | _a3RD | ||
| 260 |
_bWORTH PUBLISHERS _aNEW YORK(U.S.A) _c2002 |
||
| 300 | _a1-1152 | ||
| 650 | _aBIOCHEMISTRY | ||
| 942 |
_2ddc _cBK |
||
| 999 |
_c2541 _d2541 |
||